| 000 | 00907nac a22002531u 4500 | ||
|---|---|---|---|
| 008 | 090226s19992010mau|||||r|||| 001 0 eng d | ||
| 010 | _a 2004242089 | ||
| 020 | _a0137034652 | ||
| 020 | _a9780137034659 | ||
| 035 | _a(OCoLC)ocm55203885 | ||
| 082 |
_a658.84 _bELE _222 |
||
| 100 | 1 |
_919152 _aTurban, Efraim. |
|
| 245 | 0 | 0 |
_aElectronic Commerce 2010 : _bA Managerial Perspective / _cEfiraim Turban ...[et.al] |
| 250 |
_a6th ed. _bGlobal ed. |
||
| 260 |
_aLondon : _bPrentice Hall, _cc2010. |
||
| 300 |
_a779 p. : _bcol. ill. ; _c26 cm. |
||
| 504 | _aIncludes bibligraphical references and index | ||
| 650 | 0 |
_aElectronic commerce _927483 |
|
| 650 | 0 |
_aInformation technology _xManagement _vPeriodicals. _927485 |
|
| 650 | 0 |
_aBusiness enterprises _xComputer networks _927486 |
|
| 653 |
_bBus _cOctober2011 |
||
| 650 | 0 |
_927484 _aElectronic commerce _xManagement |
|
| 942 |
_cBB _k658.84 ELE _2ddc |
||
| 999 |
_c16129 _d16129 |
||